| 000 | 00444cam a2200169ua 4500 | ||
|---|---|---|---|
| 020 | _c14.40 | ||
| 041 |
_aeng _h |
||
| 082 |
_a621.4021 _bLEW/TH |
||
| 100 | _aLewitt, E H . | ||
| 245 |
_aThermodynamics applied to heat engines / _cE H Lewitt. _hTextual Documents |
||
| 260 |
_aLondon : _bSir Isaac Pitman & Sons Ltd , _c1933. |
||
| 300 |
_a828 : _b506 ; . |
||
| 365 | _a14.40 | ||
| 504 | _a | ||
| 942 | _cBK | ||
| 999 |
_c10601 _d10601 |
||